000 01379nam a2200349Ia 4500
001 dia_3163
003 CHAP
005 20240807113758.0
007 ta
008 220117s2005 mx ado f 001 0 spa d
040 _amxchpua
_cCHAP
090 _aT.C.402
_bM37 SAI
_c2005
245 1 0 _aSistema agroindustrial limón mexicano (Citrus aurantifolia Swingle) :
_breporte final del viaje de estudios, Tecomán, Colima /
_ccoordinador Salvador Martínez Romero ; colaborador Nicte Verenice Álvarez Castro...[et al.]
260 _aMéxico :
_bEl autor,
_c2005
300 _a93 hojas :
_bilustraciones, tablas, gráficas, fotos
336 _2rdacontent
_atexto
_btxt
337 _2rdamedia
_asin medio
_bn
338 _2rdacarrier
_avolumen
_bnc
500 _aGrado: 6° Grupo: 03
502 _aViaje de Estudios
_b(SAI) --
_cUACh. Departamento de Ingeniería Agroindustrial,
_d2005
504 _aBibliografía : hoja 93
650 1 3 _aLimón
_xIndustria y comercio
_9148764
_zMéxico
_zColima
650 1 3 _aLemons
_xIndustry and trade
_9148763
_zMexico
_zColima
700 1 _aMartínez Romero, Salvador
_ecoordinador
_9148726
700 1 _aÁlvarez Castro, Nicte Verenice
_982399
_ecolaborador
901 1 _aT.C.402 M37 SAI 2005
902 _aM
905 _a5232272005 mx dn 8223123322spa16
942 _2local
942 _cVE
999 _c173661
_d173661